Elzálogosított város? Vásárcsarnok és parkolóház építésére kérnek kölcsönt egy osztrák banktól

Podrobná bibliografia
Hlavný autor: (-kmot-) (Autor)
Korporatívny autor: Rožňava (Slovensko). Mestské zastupiteľstvo (Autor)
Médium: Článok
Jazyk:maďarčina
slovenčina
Predmet:

MARC

LEADER 00000nab a2200000 a 4500
001 vtls001008140
003 SK-MaSNL
005 20260319073852.0
008 040720e20001102xo 0 hun
035 |a RV8740 
040 |a RVGKPD  |b slo  |c RVGKPD  |e AACR2 
041 0 |a slo 
044 |a xo  |c SK 
080 |a 352.075.2  |2 1981 
080 |a 336.77  |2 1981 
100 0 |a (-kmot-)  |4 aut  |9 1024764 
245 1 0 |a Elzálogosított város?  |b Vásárcsarnok és parkolóház építésére kérnek kölcsönt egy osztrák banktól 
610 2 7 |a Rožňava (Slovensko)  |b Mestské zastupiteľstvo  |2 RVGKPD  |9 58429 
650 0 7 |a úvery  |2 RVGKPD  |9 2375 
651 7 |a Rožňava (Slovensko)  |2 RVGKPD  |9 17394 
655 7 |a periodikum  |2 snkbucl  |9 29553 
710 1 |a Rožňava (Slovensko).  |b Mestské zastupiteľstvo  |4 aut  |9 58429 
773 0 8 |t Új Szó  |g Roč. 53, č.252, 2.11.2000, s. 3 
852 |a ZVYKNI  |b KIS3GCP 
999 |c 1682713  |d 1684643